Religion catholique : les apparitions de Fátima - Statistiques

Statistiques générales
  • Ce quiz a été pris 70 fois
  • Le résultat moyen est 9 sur 18
Statistiques - réponses
Questions Réponses % Correct
Pays où se situe Fátima. Le Portugal
100%
Très sainte femme apparue à Fátima en 1917. La Vierge Marie
93%
Forme de prière répétitive que la Dame a demandé de réciter "tous les jours pour obtenir la paix dans le monde", lors de sa première apparition. Le chapelet
73%
Prénoms des trois pastoureaux de la même famille qui furent témoins des apparitions de cette dame (prénoms en français ou dans la langue du pays acceptés). Lucie
67%
Prénoms des trois pastoureaux de la même famille qui furent témoins des apparitions de cette dame (prénoms en français ou dans la langue du pays acceptés). Jacinthe
65%
Prénoms des trois pastoureaux de la même famille qui furent témoins des apparitions de cette dame (prénoms en français ou dans la langue du pays acceptés). François
62%
Pays dont la dame demanda la consécration à son propre Cœur immaculé en même temps que le monde entier, toujours lors de sa troisième apparition du 13 juillet, pour inaugurer la conversion dudit pays et une période de paix mondiale. La Russie
60%
Objet céleste sur lequel s'est manifesté le phénomène précédent en date du 13 octobre et ce devant une foule de 40 à 50 mille personnes, y compris un journaliste anticlérical qui rapporta le phénomène dans un quotidien pour lequel il travaillait dans la capitale du pays. Le soleil
58%
Lieu dont les trois pastoureaux ont eu une vision effroyable au moment de la troisième apparition de la dame. L'Enfer
55%
Prière que la dame a transmise aux trois pastoureaux, lors de sa troisième apparition : "O mon _____ !" Jésus
52%
Toujours au cours de cette troisième apparition, la dame a également promis la manifestation d'un _____ prévu pour le 13 octobre, afin que les gens croient. Miracle
52%
Plus ancienne ville universitaire du pays (réponse #1), ville dont l'université est reconnue internationalement et où la voyante survivante de Fátima, cousine des deux défunts précédents, entra au Couvent des Carmélites en mars 1948. Coimbra
38%
Épidémie qui emporta deux des témoins de ces apparitions, les frère et sœur Marto, en 1919 et en 1920. La grippe espagnole
38%
Pape qui consacra "les peuples" du pays précédent au Cœur immaculé de cette dame en 1952 via sa bulle pontificale "Sacro vergente anno". Pie XII
35%
Année au cours de laquelle devait être révélée, au plus tard, la troisième partie du secret de Fátima mais l'occupant du Saint-Siège de l'époque n'a pas jugé opportun de le faire. Un communiqué déclara alors que « très probablement, [elle] resterait, pour toujours, sous le sceau du secret absolu ». 1960
25%
Idéologie qui se répandit en Autriche au sortir de la Seconde Guerre mondiale et que combattait le père franciscain Petrus Pavliceck dans "l'esprit de Fátima". Le communisme
20%
Pays où fut fondé "l'Apostolat mondial de Fatima" (également appelé "l'Armée bleue") en 1947 avec l'approbation de Rome reçue quelques mois plus tard et ayant pour mission de propager le message de Fátima. Les États-Unis d'Amérique
13%
Ville d'environ 62 000 habitants dont Fátima fait partie du district au centre du pays, ville où est produit un lait de brebis éponyme. Santarém
13%
Aucun quiz correspondant
Distribution des résultats
% des personnes avec chaque résultat
Percentile par nombre de réponses
Votre historique - résultats
Vous n’avez pas pris ce quiz